Heidi / (Record no. 7584)
[ view plain ]
| 000 -LEADER | |
|---|---|
| fixed length control field | 00971nam a22002657a 4500 |
| 001 - CONTROL NUMBER | |
| control field | 7584 |
| 003 - CONTROL NUMBER IDENTIFIER | |
| control field | FISKH |
| 005 - DATE AND TIME OF LATEST TRANSACTION | |
| control field | 20250724151015.0 |
| 008 - FIXED-LENGTH DATA ELEMENTS--GENERAL INFORMATION | |
| fixed length control field | 250724b cb ||||| |||| 00| 0 eng d |
| 020 ## - INTERNATIONAL STANDARD BOOK NUMBER | |
| International Standard Book Number | 0756612764 |
| 040 ## - CATALOGING SOURCE | |
| Original cataloging agency | FISKH |
| Language of cataloging | eng |
| Transcribing agency | FISKH |
| Modifying agency | FISKH |
| 050 ## - LIBRARY OF CONGRESS CALL NUMBER | |
| Classification number | PZ7.S772 H |
| 082 ## - DEWEY DECIMAL CLASSIFICATION NUMBER | |
| Classification number | 833.8 |
| 100 ## - MAIN ENTRY--PERSONAL NAME | |
| Personal name | Spyri, Johanna |
| Dates associated with a name | (1827–1901) |
| 245 ## - TITLE STATEMENT | |
| Title | Heidi / |
| Statement of responsibility, etc. | By Johanna Spyri ; Retold by Sally Grindley ; Illustrated by Pamela Venus |
| 250 ## - EDITION STATEMENT | |
| Edition statement | This edition first published in 2000 |
| 260 ## - PUBLICATION, DISTRIBUTION, ETC. | |
| Place of publication, distribution, etc. | New York : |
| Name of publisher, distributor, etc. | Dorling Kindersley, |
| Date of publication, distribution, etc. | 1998 |
| 300 ## - PHYSICAL DESCRIPTION | |
| Extent | 48 pages : |
| Other physical details | color illustrations ; |
| Dimensions | 28 cm |
| 520 ## - SUMMARY, ETC. | |
| Summary, etc. | A Swiss orphan is heartbroken when she must leave her beloved grandfather and their happy home in the mountains to go to school and to care for an invalid girl in the city.<br/> |
| 650 ## - SUBJECT ADDED ENTRY--TOPICAL TERM | |
| Source of heading or term | Children's classics |
| Topical term or geographic name entry element | Switzerland |
| 650 ## - SUBJECT ADDED ENTRY--TOPICAL TERM | |
| Source of heading or term | Orphans |
| Topical term or geographic name entry element | Juvenile fiction |
| 700 ## - ADDED ENTRY--PERSONAL NAME | |
| Personal name | Venus, Pamela |
| Dates associated with a name | illustrator |
| 942 ## - ADDED ENTRY ELEMENTS (KOHA) | |
| Source of classification or shelving scheme | Dewey Decimal Classification |
| Koha item type | Books |
| Suppress in OPAC | No |
| Withdrawn status | Lost status | Source of classification or shelving scheme | Damaged status | Not for loan | Collection | Home library | Current library | Shelving location | Date acquired | Total Checkouts | Full call number | Barcode | Date last seen | Copy number | Price effective from | Koha item type |
|---|---|---|---|---|---|---|---|---|---|---|---|---|---|---|---|---|
| Dewey Decimal Classification | Fiction | Footprints International School Library Network Toul Tom Poung Campus | Footprints International School Library Network Toul Tom Poung Campus | TTP Secondary Fiction Bookshelves | 07/24/2025 | SPY 833.8 PZ7.S772 H | 2025-2821 | 07/24/2025 | 1 | 07/24/2025 | Books |
